anatomie de l'œil - Statistiques

Statistiques générales
  • Ce quiz a été pris 422 fois
  • Le résultat moyen est 3 sur 10
Statistiques - réponses
Par images Hint Réponse % Correct
6 Cornée
82%
2 Cil
80%
14 Nerf optique
72%
17 Rétine
59%
4 Iris
56%
16 Choroïde
31%
15 Sclère
30%
13 Papille
22%
7 Chambre antérieure
19%
11 Muscle droit supérieur
19%
12 Vitré
19%
18 Muscle droit inférieur
18%
3 Zonule
11%
10 Conjonctive palpébrale
5%
1 Procès ciliaire
5%
19 Tarse
5%
8 Chambre postérieure
4%
9 Conjonctive bulbaire
3%
5 Lens
2%
Aucun quiz correspondant
Distribution des résultats
% des personnes avec chaque résultat
Percentile par nombre de réponses
Votre historique - résultats
Vous n’avez pas pris ce quiz